[Event "Asian Zonal 3.3 2019"]
[Site "Ulaanbaatar"]
[Date "2019.04.11"]
[Round "5.7"]
[White "Bilguun, Sumiya"]
[Black "Chinguun, Sumiya"]
[Result "1-0"]
[WhiteElo "2488"]
[BlackElo "2250"]
[Annotator "TA RC"]
[PlyCount "119"]
[EventDate "2019.04.07"]
[EventType "swiss"]
[EventRounds "9"]
[EventCountry "MGL"]
[SourceTitle "playchess.com"]
[Source "ChessBase"]
[SourceQuality "1"]

{[%evp 14,119,70,66,73,50,74,31,30,25,31,2,9,23,39,9,49,56,68,46,64,22,70,81,91,92,103,0,88,62,68,40,43,17,26,21,26,31,43,17,24,0,0,0,0,0,0,0,0,0,0,0,0,0,0,0,6,6,8,10,14,18,23,21,28,0,0,0,0,0,0,0,0,0,8,8,8,8,58,10,69,8,8,8,8,8,10,10,1056,139,29963,29964,8,8,29965,29967,29967,29968,29971,29972,29978,29979,29981,29982,29982,29983,29982,29981]} 1. e4 c5 2. Nf3 e6 3. Nc3 a6 4. g3 Nc6 5. Bg2 g6 6. d4 cxd4 7. Nxd4 Bg7 8. Be3 Nge7 {B40: Sicilian: 2...e6, Unusual lines} 9. O-O O-O 10. a4 Ne5 $146 {White is slightly better.} ({Predecessor:} 10... Qc7 11. Nb3 b6 12. Qe2 Ne5 13. Nd2 Rb8 14. f4 N5c6 15. Nb3 {0-1 (42) Krapivin,V (2327)-Nagy,G (2452) Pardubice 2017}) 11. Qe2 Qc7 12. Rad1 Nc4 13. Bc1 Na5 14. Nb3 (14. Qd2 {looks sharper.} Nac6 15. Nb3 Ne5 16. f4 Nc4 17. Qf2) 14... Nxb3 15. cxb3 Nc6 16. Be3 d6 17. Rc1 Qe7 18. Rfd1 Re8 19. Bb6 Bh6 20. Be3 ({Better is} 20. f4 $16) 20... Bf8 (20... Bg7 $11 {keeps the balance.}) 21. Bf4 Ne5 22. Qd2 Rb8 23. Bh6 Bxh6 24. Qxh6 b5 25. axb5 axb5 26. Qd2 Rd8 27. f4 Qa7+ 28. Qd4 Qxd4+ 29. Rxd4 Nc6 30. Rd3 e5 31. Nd5 Nd4 32. Rxd4 exd4 33. Ne7+ $1 Kf8 34. Nc6 $1 {[%csl LRb8,LRd4,LRd8][%mdl 64] [#] Double Attack} Be6 35. Rd1 Rdc8 36. Nxb8 Rxb8 37. Rxd4 $11 {[%mdl 4096] Endgame KRB-KRB} Ke7 38. Bf1 Rc8 39. Bxb5 Rc1+ 40. Kf2 Rc2+ 41. Ke3 Rxb2 42. b4 Rxh2 43. Rd2 (43. Be2 {is interesting.} h5 44. b5 Rg2 45. f5 gxf5 46. exf5 Bxf5 47. b6) 43... Rxd2 44. Kxd2 {KB-KB} f6 45. Ke3 Kd8 46. Kd4 (46. e5 $5 fxe5 47. fxe5 $14) 46... h5 (46... g5 $11) 47. Be2 (47. e5 $1 $14 fxe5+ 48. fxe5) 47... Bf7 48. e5 fxe5+ 49. fxe5 Kc7 50. Ke4 {aiming for Kf4.} dxe5 $2 {[%mdl 8192]} (50... g5 $11) 51. Kxe5 $18 {Threatens to win with Kf6.} g5 $2 {[%mdl 8192]} (51... Kb6 $16 52. Kf6 Be8) 52. Kf6 $1 {[%csl LRf7,LRg5][%mdl 64] Double Attack} h4 53. g4 Be8 $2 {[%mdl 8192]} (53... Bb3 $11 54. Bf1 (54. Kxg5 h3 $16) 54... h3 55. Bxh3 Kd6 56. Kxg5 Ke5) 54. Bf1 {White mates.} Kb6 55. Kxg5 h3 56. Bxh3 Kb5 {[#]} 57. Kf6 $1 Kxb4 58. g5 Kc5 59. Be6 Kd6 60. Bf7 {Accuracy: White = 62%, Black = 45%.} 1-0

[Event "Asian Zonal 3.3 2019"]
[Site "Ulaanbaatar"]
[Date "2019.04.11"]
[Round "5.7"]
[White "Gundavaa, Bayarsaikhan"]
[Black "Nasanjargal, Urtnasan"]
[Result "1/2-1/2"]
[WhiteElo "2481"]
[BlackElo "2482"]
[Annotator "TA"]
[PlyCount "68"]
[EventDate "2019.04.07"]
[EventType "swiss"]
[EventRounds "9"]
[EventCountry "MGL"]
[SourceTitle "playchess.com"]
[Source "ChessBase"]
[SourceQuality "1"]

{[%evp 19,68,26,34,21,18,6,35,25,26,37,12,0,156,157,184,32,43,35,89,83,85,91,102,90,125,124,177,198,183,184,188,179,179,181,177,186,158,185,178,162,269,269,255,177,184,176,173,149,161,147,163]} 1. e4 c5 2. Nf3 d6 3. d4 cxd4 4. Nxd4 Nf6 5. Nc3 Nc6 6. Bg5 e6 7. Qd2 a6 8. O-O-O h6 9. Nxc6 bxc6 10. Bf4 d5 11. Be2 {B66: Sicilian: Richter-Rauzer: 7...a6 8 0-0-0 h6} Bb4 12. Qe3 O-O 13. e5 {White is slightly better.} Nd7 14. Qg3 {Threatens to win with Bxh6.} Kh8 15. Qh3 {Bxh6! is the strong threat.} f6 $2 (15... Kh7 $11) 16. Bxh6 $1 $16 Nxe5 17. Bd2+ (17. Rd4 $18 Bxc3 18. Rh4 (18. bxc3 Kg8 $11)) 17... Kg8 $14 18. f4 {[#]} Nf7 $146 ({Black should play} 18... Ng6 $1 $14) ({Predecessor:} 18... Ng6 19. Bd3 f5 20. g4 Bxc3 21. Bxc3 Nxf4 22. Qe3 Nxd3+ 23. Rxd3 f4 24. Qe5 {½-½ (24) Wieczorek,O (2432)-Vovk,A (2632) Gallipoli 2016}) 19. Bd3 $16 {[%csl Gd3][%cal Rh3h7]} f5 20. g4 Qf6 21. Rhg1 $40 {[%mdl 128] White has strong attack.} e5 22. Bxf5 ({Reject} 22. gxf5 $6 Bc5 $11) 22... Bxf5 (22... Qh6 $16 {might work better.} 23. Qxh6 Nxh6) 23. gxf5 $18 {Hoping for Rg6.} Nd6 24. Rg6 Qxf5 25. Qg2 Ra7 26. Rg1 Rff7 27. Rg5 Qe6 28. Rxe5 Qf6 29. Qh3 Rae7 {[#]} (29... Bxc3 $142 30. Qxc3 Rac7) 30. Rh5 $1 {[%csl Gh3][%cal Rh5h8]} g6 31. Rhg5 {Black must now prevent f5.} Rg7 {[#]White is clearly better.} 32. Qd3 $1 {[%cal Rg5g6]} Re6 33. h4 Ne4 34. f5 Nxg5 {Accuracy: White = 80%, Black = 72%.} 1/2-1/2

[Event "Asian Zonal 3.3 2019"]
[Site "Ulaanbaatar"]
[Date "2019.04.11"]
[Round "5.8"]
[White "Gomez, John Paul"]
[Black "Megaranto, Susanto"]
[Result "*"]
[WhiteElo "2460"]
[BlackElo "2523"]
[Annotator "TA"]
[PlyCount "65"]
[EventDate "2019.04.07"]
[EventType "swiss"]
[EventRounds "9"]
[EventCountry "MGL"]
[SourceTitle "playchess.com"]
[Source "ChessBase"]
[SourceQuality "1"]

{[%evp 26,65,28,16,50,54,59,54,47,33,45,8,9,25,10,9,24,2,54,43,54,46,47,34,61,-8,0,0,0,0,0,0,14,0,0,0,0,0,0,0,0,0]} 1. e4 d5 2. exd5 Qxd5 3. Nc3 Qa5 4. d4 c6 5. Nf3 Bf5 6. Bc4 e6 7. Bd2 Nf6 8. Qe2 Bb4 9. a3 Nbd7 10. O-O-O Bxc3 11. Bxc3 Qc7 12. Ne5 Nd5 {B01: Scandinavian Defence} 13. Bd2 (13. Be1 Nf4 14. Qf3 Nxe5 15. dxe5 Qxe5 16. Bc3 Qe4 17. Qxe4 Bxe4 18. Rhe1 Bd5 19. Bxd5 Nxd5 20. Bxg7 {0-1 (47) Savchenko,B (2562)-Seliverstov,V (2462) Moscow 2018}) 13... Nxe5 14. dxe5 {LiveBook: 57 Games} h6 15. g4 Bh7 16. h4 O-O-O 17. h5 c5 $146 ({Predecessor:} 17... Nb6 18. Bb3 Nd7 19. Bc3 Nc5 20. Qe3 Nxb3+ 21. cxb3 c5 22. Rd6 Rxd6 23. exd6 Qxd6 {1-0 (38) Makolli,P (2228)-Yildiz Kadioglu,B (2108) Antalya 2004}) 18. g5 Bf5 19. gxh6 gxh6 20. Rhg1 Ne7 21. Be3 Qxe5 (21... Rxd1+ $11 22. Rxd1 Rg8) 22. Rxd8+ $14 Rxd8 23. Bxh6 Qh2 24. Qe1 Nc6 25. Be3 (25. Be2 $14) 25... Qxh5 {The position is equal.} 26. Be2 $1 {[%cal Re2h5]} Qh2 27. Bxc5 Qe5 28. Be3 Qd5 29. Qc3 Qa2 {[%cal Ra2a1] [#]} 30. b4 {Threatens to win with Bc4.} Bxc2 $1 31. Qxc2 Qa1+ 32. Qb1 Qc3+ 33. Qc2 {Precision: White = 65%, Black = 43%.} *

[Event "Asian Zonal 3.3 2019"]
[Site "Ulaanbaatar"]
[Date "2019.04.11"]
[Round "5.8"]
[White "Galmandakh, Badrakh"]
[Black "Batsuren, Dambasuren"]
[Result "0-1"]
[WhiteElo "2222"]
[BlackElo "2444"]
[Annotator "TA"]
[PlyCount "98"]
[EventDate "2019.04.07"]
[EventType "swiss"]
[EventRounds "9"]
[EventCountry "MGL"]
[SourceTitle "playchess.com"]
[Source "ChessBase"]
[SourceQuality "1"]

{[%evp 15,98,-10,-10,-2,0,-23,-10,-12,18,14,12,14,26,20,25,22,24,32,42,39,29,0,0,0,0,0,0,0,0,0,0,0,0,-9,0,0,0,0,0,-17,0,0,0,0,0,0,0,0,0,0,0,0,0,0,0,-16,-16,-21,-27,-93,-68,-64,-66,-389,-344,-325,-250,-460,-460,-460,-445,-12794,-8985,-5089,-3722,-29939,-29940,-12850,-12845,-12825,-4635,-12817,-11570,-5089,-5065]} 1. d4 Nf6 2. Nf3 e6 3. Bf4 c5 4. e3 Nc6 5. c3 d5 6. Nbd2 Bd6 7. Bg3 O-O 8. Bd3 b6 9. e4 {Hoping for e5. D02: 1 d4 d5 2 Nf3 sidelines, including 2...Nf6 3 g3 and 2...Nf6 3 Bf4} (9. Qe2 Bb7 10. Rd1 Re8 11. e4 Be7 12. e5 Nh5 13. h4 cxd4 14. Nxd4 Nxg3 15. fxg3 Bc5 16. N2f3 f5 {½-½ (45) Esipenko,A (2593)-Karjakin,S (2753) St Petersburg 2018}) 9... Be7 10. exd5 Qxd5 {[%cal Rc5d4]} 11. Bc4 {The position is equal.} Qd8 {[%cal Rc5d4]} 12. dxc5 Bxc5 13. Qe2 $146 ({Predecessor:} 13. O-O Bb7 14. Qe2 Ne7 15. Rad1 Nf5 16. Be5 Qe7 {0-1 (68) Grachev,B (2628)-Oparin,G (2626) Moscow 2016}) 13... Bb7 14. Rd1 Qc8 15. O-O Nh5 16. Ne4 Nxg3 17. hxg3 Be7 18. Nd6 Bxd6 $1 19. Rxd6 Qc7 20. Rfd1 {aiming for Rd7.} Rad8 21. Qd2 Rxd6 22. Qxd6 Qxd6 23. Rxd6 Rd8 24. Rxd8+ Nxd8 $11 {[%mdl 4096] Endgame KBN-KBN} 25. Nd4 Kf8 26. Nb5 Ba6 27. Na3 Bb7 28. Nb5 a6 29. Nd6 b5 30. Bd3 Ke7 31. Nxb7 Nxb7 {KB-KN} 32. b4 ({Don't play} 32. Bxh7 g6 $17) 32... Nd6 33. Kf1 e5 34. Ke1 f5 35. Kd2 h5 36. Kc2 g5 37. f3 (37. Kd2 $11 {keeps the balance.}) 37... e4 38. Be2 exf3 39. Bxf3 $2 {[%mdl 8192]} (39. gxf3 $15 Ke6 40. Kd3) 39... g4 $19 40. Bc6 Ne4 41. a4 $2 (41. Kd3 Nxg3 42. Ke3) 41... Nxg3 42. axb5 axb5 43. Bxb5 (43. Kd2 $142 h4 44. Ke1) 43... h4 $1 {[%cal Rh4h3]} 44. Bc6 Ne4 45. Bb5 h3 46. gxh3 {[#]} g3 $1 {[%cal Rg3g2] Black is clearly winning.} 47. Bf1 {[#]} f4 $1 {[%cal Rf4f3]} 48. Bg2 Ng5 49. b5 f3 {Accuracy: White = 43%, Black = 93%.} 0-1

[Event "Asian Zonal 3.3 2019"]
[Site "Ulaanbaatar"]
[Date "2019.04.11"]
[Round "5.9"]
[White "Nguyen, Van Huy"]
[Black "Lkhagvasuren, Tsedvee"]
[Result "1-0"]
[WhiteElo "2436"]
[BlackElo "2336"]
[Annotator "TA"]
[PlyCount "161"]
[EventDate "2019.04.07"]
[EventType "swiss"]
[EventRounds "9"]
[EventCountry "MGL"]
[SourceTitle "playchess.com"]
[Source "ChessBase"]
[SourceQuality "1"]

{[%evp 23,161,17,20,15,23,21,6,-24,38,-7,47,23,26,28,24,25,29,34,33,25,25,27,36,3,8,3,9,7,42,20,20,18,18,21,37,35,52,20,29,22,35,23,43,29,57,58,66,45,49,45,54,54,54,54,68,68,68,68,68,43,68,68,68,61,61,61,68,53,68,39,39,0,39,39,39,39,39,39,61,61,61,61,68,68,68,28,68,53,61,0,28,19,28,0,68,19,68,19,75,75,203,203,203,203,204,196,191,116,116,101,101,101,272,272,1037,272,991,439,626,276,274,172,29963,29964,29964,29965,29968,29969,29969,29970,29972,29973,29971,29972,29972,29970,29968,0,29960,29961]} 1. d4 Nf6 2. c4 e6 3. Nf3 b6 4. g3 Ba6 5. Qa4 Bb7 6. Bg2 c5 7. dxc5 Bxc5 8. O-O O-O 9. Nc3 Be7 10. Bf4 Na6 11. Rfd1 Nc5 12. Qc2 Qc8 13. Rd4 {E15: Queen's Indian: 4 g3 sidelines, 4 g3 Ba6 and 4 g3 Bb7 early deviations} d5 14. Rc1 Nce4 15. cxd5 {[#] Hoping for d6.The position is equal.} exd5 $146 (15... Nxc3 $11 16. bxc3 Nxd5) ({Predecessor:} 15... Nxc3 16. Qxc3 Qxc3 17. Rxc3 Nxd5 18. Rc1 Rac8 19. Rdd1 Nxf4 20. gxf4 Rxc1 21. Rxc1 {½-½ (92) Fridman,D (2655)-Sasikiran,K (2690) Caleta 2011}) 16. Nxe4 Nxe4 (16... dxe4 $11 17. Rc4 exf3 18. Bxf3 Bc5) 17. Rdd1 Qxc2 18. Rxc2 {aiming for Rc7.} Rac8 19. Rdc1 {Strongly threatening Rc7.} Rxc2 20. Rxc2 {Rc7 is the strong threat.} Rc8 21. Rxc8+ Bxc8 22. Nd4 Bc5 23. Be3 Bd7 24. Nc2 f5 25. Bd4 Ba4 26. b3 Bb5 27. Kf1 Kf7 28. Ke1 Bf8 29. f3 Nc5 30. Kd2 g6 31. Be5 Nd7 32. Bc3 (32. Bf4 {is more complex.} a5 33. h3 Bc5 34. e3 Ba6 35. Bc7) 32... Bc5 33. Nd4 Bxd4 34. Bxd4 $11 {[%mdl 4096] Endgame KBB-KBN} Ke7 35. e3 Kd6 36. h4 h5 37. a4 Bc6 38. Bf1 a5 39. Kc3 Nc5 40. Be2 Bd7 41. Bd1 Bc6 42. Bf6 Ne6 43. b4 axb4+ 44. Kxb4 Bd7 45. Bc2 Bc6 46. Bd4 Nc5 $1 47. Bf6 Na6+ 48. Ka3 b5 49. axb5 Bxb5 50. Bd1 Bc6 51. Be2 Nc5 52. Kb4 Ne6 53. Bd4 Be8 54. Ka5 Bc6 55. Kb6 Ba4 56. Kb7 (56. f4 $14) 56... Bc6+ 57. Ka6 Ba4 58. Ka5 Bd7 (58... Bc6 $1 $11) 59. Bd1 Be8 60. Kb6 Bd7 (60... g5 $11 61. f4 gxf4 62. gxf4 Nxd4 63. exd4 Bg6) 61. Bc3 Nd8 (61... Bc6 $16 {might work better.}) 62. Bb4+ $1 $18 Ke6 63. Bb3 Nc6 64. Bc3 {Black must now prevent e4.} Kd6 {[#]} 65. Bb2 (65. Bg7 $1 $18) 65... Ne5 $16 66. Bxe5+ Kxe5 {KB-KB} 67. Kc5 Be6 $2 {[#]} (67... Bc8 $16 {is a better defense.} 68. Bxd5 Ba6) 68. Ba4 $1 $18 Bf7 $2 (68... Bc8 69. Be8 Kf6 70. Kxd5 Ba6) 69. Bc6 $2 (69. Bd7 Bg8 70. Be8) 69... Bg8 $2 (69... Be6 70. Be8 Kf6) 70. Be8 Kf6 (70... Bh7 $142 71. Bf7 Kf6) 71. Kd4 (71. Kd6 $142 Bh7 72. Bc6) 71... Be6 72. Bc6 Ke7 $2 (72... g5 $18 73. hxg5+ Kxg5) 73. Bxd5 Bd7 74. Ke5 Ba4 75. e4 fxe4 76. fxe4 Bc2 77. Kf4 Kf6 78. e5+ Kg7 79. Kg5 Bf5 80. Kf4 Bc2 $1 81. Be4 {Accuracy: White = 55%, Black = 32%.} 1-0

[Event "Asian Zonal 3.3 2019"]
[Site "Ulaanbaatar"]
[Date "2019.04.11"]
[Round "5.9"]
[White "Amartuvshin, Ganzorig"]
[Black "Bersamina, Paulo"]
[Result "1/2-1/2"]
[WhiteElo "2373"]
[BlackElo "2444"]
[Annotator "TA"]
[PlyCount "76"]
[EventDate "2019.04.07"]
[EventType "swiss"]
[EventRounds "9"]
[EventCountry "MGL"]
[SourceTitle "playchess.com"]
[Source "ChessBase"]
[SourceQuality "1"]

{[%evp 16,76,29,18,70,37,29,27,35,23,27,28,35,24,36,19,37,10,11,8,15,0,22,0,0,0,39,-14,-14,-14,-12,-9,-7,-14,-6,-20,0,0,0,0,17,22,22,15,43,7,10,0,0,0,0,0,0,0,0,0,0,0,0,0,0,0,0]} 1. d4 Nf6 2. c4 e6 3. Nf3 d5 4. Nc3 Bb4 5. Bg5 h6 6. Bxf6 Qxf6 7. e3 O-O 8. Rc1 dxc4 9. Bxc4 b6 $146 {D38: Queen's Gambit Declined: Ragozin Defence (4 Nf3 Bb4)} ({Better is} 9... c5 $11) ({Predecessor:} 9... c5 10. O-O cxd4 11. exd4 Rd8 12. Ne4 Qe7 13. a3 Ba5 14. Qc2 Nc6 15. Rfd1 Bb6 16. Qc3 Bd7 17. b4 Rac8 18. Nc5 {½-½ (63) Korobov,A (2698)-Cheparinov,I (2709) St Petersburg 2018}) 10. a3 Bxc3+ $1 11. Rxc3 Bb7 {White has an edge.} 12. O-O Rc8 13. Be2 Nd7 {[%cal Bb8d7,Bd7f6,Bf6e4][%mdl 32]} 14. Qa4 c6 15. Rfc1 Qd8 16. Ne1 c5 17. Rd1 Qe7 18. Ba6 Nf6 19. Bxb7 Qxb7 20. dxc5 Ne4 21. Rc4 (21. c6 $14 Nxc3 22. cxb7 Nxa4 {[#]} 23. Rc1 $1 {[%mdl 512]}) 21... b5 $11 22. Rb4 $1 {[%cal Rb4b5]} Rxc5 23. Qb3 Rac8 24. Rbd4 Nf6 25. Qd3 Qc7 26. Rd8+ Rxd8 27. Qxd8+ Qxd8 (27... Kh7 {is interesting.} 28. Qxc7 Rxc7 29. Kf1 Nd5 30. Ke2 Kg6) 28. Rxd8+ {[%mdl 4096] Endgame KRN-KRN} Kh7 29. Kf1 Ng4 30. Ke2 Ne5 $1 {The position is equal.} 31. Ra8 Rc7 32. Rb8 a6 33. Ra8 Nc4 34. Nd3 Nxb2 {[%mdl 64] [#] Decoy} 35. Nxb2 Rc2+ {[%mdl 64] Double Attack} 36. Kf3 {Strongly threatening Nd3.} Rxb2 37. Rxa6 b4 38. axb4 Rxb4 {Accuracy: White = 48%, Black = 62%.} 1/2-1/2

[Event "Asian Zonal 3.3 2019"]
[Site "Ulaanbaatar"]
[Date "2019.04.11"]
[Round "5.10"]
[White "Nguyen, Duc Hoa"]
[Black "Garidmagnai, Byambasuren"]
[Result "0-1"]
[WhiteElo "2433"]
[BlackElo "2313"]
[Annotator "TA"]
[PlyCount "114"]
[EventDate "2019.04.07"]
[EventType "swiss"]
[EventRounds "9"]
[EventCountry "MGL"]
[SourceTitle "playchess.com"]
[Source "ChessBase"]
[SourceQuality "1"]

{[%evp 21,114,45,43,14,18,16,41,57,51,45,58,28,32,20,43,8,6,0,20,19,37,33,30,0,11,0,0,0,0,0,16,0,0,0,0,0,21,0,6,0,0,0,114,87,125,124,103,108,128,133,127,53,206,214,401,395,376,354,390,339,437,171,659,912,669,704,572,572,568,568,1115,976,849,829,787,795,730,0,991,-29963,-29954,-29958,-12850,-29965,-29967,-29978,-29979,-29978,-29980,-29979,-29971,-29982,-29983,-29983,-29984]} 1. d4 g6 2. c4 Bg7 3. e4 d6 4. Nc3 e5 5. Nf3 exd4 6. Nxd4 Nc6 7. Be3 Nge7 8. Be2 O-O 9. O-O f5 10. exf5 Nxf5 11. Nxf5 Bxf5 12. c5 {A42: Modern Defence: Averbakh Variation} (12. Qd2 Qd7 13. Rad1 Qf7 14. b3 Rae8 15. Bf3 Kh8 16. Bd5 Qd7 17. Bh6 Nd8 18. Rfe1 a6 19. Bf3 Bxh6 20. Qxh6 Rxe1+ 21. Rxe1 Re8 22. Rxe8+ Qxe8 {1-0 (90) Aczel,G (2553)-Ostojic,N (2443) Palic 2017}) 12... dxc5 13. Bxc5 Re8 $146 ({Predecessor:} 13... Qxd1 14. Raxd1 Rfd8 15. Bf3 a6 16. Nd5 Bxb2 17. Nxc7 Rxd1 18. Rxd1 Rd8 19. Rxd8+ Nxd8 {1-0 (70) Umetsubo,C (2379)-Matsuura,F (2320) Blumenau 2016}) 14. Qb3+ {White is slightly better.} Kh8 15. Rad1 Qc8 16. Bf3 Be6 17. Bd5 b6 18. Be3 Na5 19. Qa4 Bxd5 20. Rxd5 c6 21. Rd3 c5 22. Qh4 Nc6 23. Bh6 Bxh6 24. Qxh6 Qb7 25. Rd6 Ne7 {White must now prevent ...Nf5.} 26. g4 Nc6 {[%cal Be7c6,Bc6d4,Bd4e2][%mdl 32]} 27. f4 Nd4 28. Rxg6 Rad8 29. Qh4 $40 {[%mdl 128] Qf6+ would kill now. White has some attack.} Qe7 30. Qf6+ Qxf6 31. Rxf6 Ne2+ (31... b5 $11 {remains equal.}) 32. Kg2 $16 Nxc3 33. bxc3 {[%mdl 4096] Endgame KRR-KRR} Re3 34. Rf3 Rd2+ 35. Kg3 $1 Rxf3+ 36. Kxf3 Rxa2 $2 {[#] KR-KR} (36... Rxh2 $14 37. Rf7 Rxa2) 37. h4 $1 $18 Rc2 $2 (37... Rd2 {is a better defense.} 38. Rf7 a6) 38. f5 Rxc3+ {[#]} 39. Kf4 $1 b5 40. Rc6 b4 41. Kg5 $2 (41. h5 Rc4+ 42. Kg5) 41... Kg7 $2 (41... Rd3) 42. Rc7+ Kf8 43. Kf6 {[%cal Rc7c8]} Ke8 44. Kg7 Kd8 45. Rxa7 c4 {...Rg3 is the strong threat.} 46. f6 Rg3 47. g5 c3 48. Ra5 Rf3 49. h5 $2 (49. Rd5+ $18 Ke8 50. Rc5) 49... c2 $2 {[%mdl 8192]} (49... Kd7 $11 50. g6 c2) 50. Rd5+ $4 {[%mdl 8192]} (50. Rc5 $18) 50... Ke8 51. Rc5 b3 52. g6 b2 {Black mates.} 53. Rxc2 b1=Q 54. f7+ Kd7 55. Rd2+ Kc6 56. f8=Q Rxf8 57. Kxf8 hxg6 {Accuracy: White = 48%, Black = 44%.} 0-1

[Event "Asian Zonal 3.3 2019"]
[Site "Ulaanbaatar"]
[Date "2019.04.11"]
[Round "5.10"]
[White "Gan-Erdene, Sugar"]
[Black "Itgelt, Khuyagtsogt"]
[Result "1/2-1/2"]
[WhiteElo "2375"]
[BlackElo "2056"]
[Annotator "TA"]
[PlyCount "94"]
[EventDate "2019.04.07"]
[EventType "swiss"]
[EventRounds "9"]
[EventCountry "MGL"]
[SourceTitle "playchess.com"]
[Source "ChessBase"]
[SourceQuality "1"]

{[%evp 21,94,31,34,37,37,40,43,37,41,34,41,6,14,12,14,-13,-8,-8,-8,-14,-5,-27,0,0,15,7,8,0,32,32,32,32,31,31,33,32,41,40,39,0,0,6,350,340,5206,5112,5081,4133,4127,0,0,0,0,0,0,0,0,0,0,0,29974,0,0,0,0,0,0,0,0,0,0,0,0,0,0]} 1. e4 {[%cal Be2e4,Be4e5][%mdl 32]} e6 2. d4 d5 3. Nd2 Nf6 4. e5 Nfd7 5. c3 c5 6. Bd3 Nc6 7. Ne2 a5 8. O-O a4 9. a3 {C06: French Tarrasch: 3...Nf6 4 e5 Nfd7 5 Bd3 main lines} cxd4 10. cxd4 Nb6 11. f4 g6 {LiveBook: 5 Games} 12. Rb1 $146 ({Predecessor:} 12. Nf3 Na5 13. Bc2 Nac4 14. Nc3 Bd7 15. g4 Be7 16. Kh1 h5 17. f5 exf5 18. gxf5 gxf5 {1-0 (26) Geenen,M (2601)-Giulian,P (2505) ICCF corr 2002}) 12... Na5 13. Nc3 Bd7 14. Bc2 Nac4 {Threatening ...Ne3.} 15. Nxc4 dxc4 16. d5 (16. Be4 {seems wilder.} Bc6 17. Bxc6+ bxc6 18. Rf3 Be7 19. Be3) 16... Nxd5 $1 17. Nxd5 exd5 18. Qxd5 Bc6 19. Qxd8+ (19. Qxc4 Qb6+ 20. Kh1 Bb5) 19... Rxd8 20. Be3 Be7 21. f5 gxf5 22. Rxf5 Rg8 23. g3 h6 24. Rbf1 Bg5 (24... Rg5 $5) 25. Bxg5 Rxg5 26. Rxf7 Rd2 {( -> ...Rg2+)} 27. R7f2 Rxf2 28. Kxf2 $14 {[%mdl 4096] Endgame KRB-KRB} Ke7 29. Re1 Ke6 30. Be4 Bxe4 31. Rxe4 $11 {KR-KR} Kd5 $2 {[%mdl 8192]} (31... b5 $11 {and Black is okay.}) 32. Ke3 $1 $18 Rxe5 $2 (32... c3 33. bxc3 Rg7 34. Rxa4 Kxe5 35. Ra5+ Kd6) 33. Rxe5+ Kxe5 {[#] KP-KP} 34. g4 $1 Kd5 35. Kd2 $2 (35. h3 $18 Ke5 36. h4) 35... Ke4 $11 36. h4 $1 Kf4 37. g5 $1 {[%cal Rg5g6]} hxg5 38. hxg5 Kxg5 {K3P-KPP} 39. Kc3 Kf5 ({Not} 39... b5 $2 40. Kb4 $18) 40. Kxc4 {KPP-KPP} Ke6 $2 {[%mdl 8192] [#]} (40... Ke4 $11) 41. Kb5 $2 (41. Kc5 $1 {mates} Kd7 42. Kb5 Kc8 43. Kxa4 Kc7 44. Kb5 Kd6 45. a4 Kc7 46. b4) 41... Kd5 $1 {The position is equal.} 42. Kxa4 {KPP-KP} Kc4 43. b3+ Kc3 $1 44. b4 {Strongly threatening Kb5.} Kc4 $1 45. Ka5 {Intending Kb6 and mate.} Kb3 46. Kb6 Kxa3 47. Kxb7 {White threatens b5 and mate.} Kxb4 {Precision: White = 75%, Black = 63%.} 1/2-1/2

[Event "Asian Zonal 3.3 2019"]
[Site "Ulaanbaatar"]
[Date "2019.04.11"]
[Round "5.11"]
[White "Boldoo, Erdenepurev"]
[Black "Munkhgal, Gombosuren"]
[Result "0-1"]
[WhiteElo "2334"]
[BlackElo "2455"]
[Annotator "TA"]
[PlyCount "68"]
[EventDate "2019.04.07"]
[EventType "swiss"]
[EventRounds "9"]
[EventCountry "MGL"]
[SourceTitle "playchess.com"]
[Source "ChessBase"]
[SourceQuality "1"]

{[%evp 16,68,16,13,14,-3,0,0,0,0,0,0,7,0,24,0,29,16,37,30,30,33,55,-91,-85,-103,36,4,47,0,0,-368,-359,-388,-142,-141,-154,-140,-131,-135,-139,-307,-307,-308,-309,-308,-308,-308,-308,-2095,-416,-1405,-397,-2316,-2302]} 1. d4 Nf6 2. c4 e6 3. Nf3 d5 4. Nc3 a6 5. cxd5 exd5 6. Bg5 {D37: Queen's Gambit Declined: 5 Bf4} Be6 7. e3 Nbd7 8. Be2 (8. Bd3 h6 9. Bf4 g5 10. Bg3 Nh5 11. Be5 Nhf6 12. Bg3 Nh5 13. Ne2 Nxg3 14. Nxg3 {1-0 (61) Leko,P (2679)-Caruana,F (2832) Germany 2019}) 8... Bd6 9. O-O {LiveBook: 19 Games} c6 10. Bh4 O-O 11. Qc2 $146 ({Predecessor:} 11. Bg3 Bxg3 12. hxg3 Ne4 13. Nd2 f5 {½-½ (33) Quiroga,F (2261)-Slipak,S (2436) Buenos Aires 2015}) 11... Qc7 12. Bg3 Bxg3 13. hxg3 Bg4 14. b4 Qd6 15. Na4 Rfe8 16. Nc5 Rab8 17. a4 Ne4 18. Rfc1 Qh6 19. b5 (19. Bd3 $14 {stays ahead.}) 19... Ndxc5 $1 $17 ({Don't play} 19... Nxg3 $6 20. fxg3 Nxc5 21. dxc5 $14) 20. dxc5 {[#]} a5 ({Better is} 20... Re6 $1 $17 21. Nh2 Bxe2 22. Qxe2 {[#]} d4 $1 {[%mdl 512]}) 21. Ra3 Rbc8 22. bxc6 Rxc6 {White must now prevent ...Qh5.} 23. Qb3 $2 {[%mdl 8192]} (23. Bb5 $1 $11 Rxc5 24. Qxc5 Nxc5 25. Bxe8) 23... Qh5 $19 24. Bb5 Bxf3 $2 ({Less strong is} 24... Nxc5 25. Qc2 $17) (24... Rf6 $19 {is more deadly.} 25. Bxe8 Bxf3 26. Bxf7+ Rxf7) 25. Bxc6 $17 bxc6 $40 {[%mdl 128] Black goes for the king.} 26. gxf3 Qxf3 27. Ra2 h5 28. Qd1 $2 (28. Rb2 $17) 28... Qxd1+ $19 29. Rxd1 {[%mdl 4096] Endgame KRR-KRN} Nc3 30. Rad2 Nxd1 31. Rxd1 Re4 32. Rd4 $2 (32. Rb1 Rb4 33. Ra1) 32... Kh7 (32... Rxd4 $142 33. exd4 Kh7) 33. Kg2 (33. Rd3 $142 Rxa4 34. Kg2) 33... Kg6 $2 (33... Rxd4 34. exd4 Kg6) 34. Kf3 $2 (34. Rd3 Rxa4 35. Kf3) 34... Rxd4 {Precision: White = 28%, Black = 32%.} 0-1